书目信息 |
| 题名: |
大气污染控制技术
|
|
| 作者: | 李广超 主编 | |
| 分册: | ||
| 出版信息: | 北京 化学工业出版社 2008.01 |
|
| 页数: | 232页 | |
| 开本: | 26cm | |
| 丛书名: | ||
| 单 册: | ||
| 中图分类: | X510.6 | |
| 科图分类: | ||
| 主题词: | 空气污染控制--kong qi wu ran kong zhi | |
| 电子资源: | ||
| ISBN: | 978-7-122-01570-9 | |
| 000 | 00952nam0 2200253 450 | |
| 001 | 012008689212 | |
| 005 | 20080421111602.08 | |
| 010 | @a978-7-122-01570-9@dCNY25.00 | |
| 100 | @a20080421d2008 em y0chiy0120 ea | |
| 101 | 0 | @achi |
| 102 | @aCN@b110000 | |
| 105 | @ay a 000yy | |
| 106 | @ar | |
| 200 | 1 | @a大气污染控制技术@Ada qi wu ran kong zhi ji shu@f李广超主编@Fli guang chao zhu bian |
| 205 | @a第2版 | |
| 210 | @a北京@c化学工业出版社@d2008.01 | |
| 215 | @a232页@d26cm | |
| 320 | @a有书目 | |
| 330 | @a本书概括性地介绍了大气污染控制技术的基本方法、净化设备和工艺流程,详细介绍了烟囱高度计算和厂址选择、煤脱硫燃烧技术和低氮化物燃烧技术、烟气脱硫脱硝技术、除尘技术、含氟废气净化技术、含挥发性有机物净化技术、汽车排气净化技术及工业通风技术等内容。 | |
| 606 | 0 | @a空气污染控制@Akong qi wu ran kong zhi |
| 690 | @aX510.6@v4 | |
| 701 | 0 | @a李广超@Ali guang chao@4主编 |
| 801 | 0 | @aCN@bQSSK@c20080421 |
| 905 | @b294777-79@dX510.6@eL160@f3 | |
| 大气污染控制技术/李广超主编.-第2版.-北京:化学工业出版社,2008.01 |
| 232页;26cm |
| ISBN 978-7-122-01570-9:CNY25.00 |
| 本书概括性地介绍了大气污染控制技术的基本方法、净化设备和工艺流程,详细介绍了烟囱高度计算和厂址选择、煤脱硫燃烧技术和低氮化物燃烧技术、烟气脱硫脱硝技术、除尘技术、含氟废气净化技术、含挥发性有机物净化技术、汽车排气净化技术及工业通风技术等内容。 |
| ● |
| 相关链接 |
|
|
|
正题名:大气污染控制技术
索取号:X510.6/L160
 
预约/预借
| 序号 | 登录号 | 条形码 | 馆藏地/架位号 | 状态 | 备注 |
| 1 | 294777 | 202947776 | 期刊室512/501自科库 99排1列3层/ [索取号:X510.6/L160] | 在馆 | |
| 2 | 294778 | 202947785 | 自科库501/501自科库 99排1列3层/ [索取号:X510.6/L160] | 在馆 | |
| 3 | 294779 | 202947794 | 自科库501/501自科库 99排1列3层/ [索取号:X510.6/L160] | 在馆 |